000 00728nam a22002052 4500
001 0000006358
005 20151217152017.0
008 071023s xx 000 0 eng d
020 _a1563089525 :
_cKES 6118
040 _aKABU
_cKABU
100 1 _aNisonger, Thomas E.
_@0000157829
245 1 0 _aEvaluation of library collections, access and electronic resources :
_ba literature guide and annotated bibliography /
_cThomas E. Nisonger.
260 _aLondon :
_bLibraries Unlimited,
_c2003.
300 _axxvi 316 p.
650 0 _aCollection development (Libraries)
_xEvaluation
_xBibliography.
_@0000157830
908 _a071023
950 _@1
999 _c7290
_d7290